Documentos del CIECE (Registro nro. 8841)

Detalles MARC
000 -LEADER
fixed length control field 00990nas a2200253 454500
001 - CONTROL NUMBER
control field 39541
005 - DATE AND TIME OF LATEST TRANSACTION
control field 20260407193510.0
008 - FIXED-LENGTH DATA ELEMENTS--GENERAL INFORMATION
fixed length control field 260407s2006####ag###########|||spa#d
003 - CONTROL NUMBER IDENTIFIER
control field AR-UNSa-BCEJYS
040 ## - CATALOGING SOURCE
Original cataloging agency AR-UNSa-BCEJYS
Language of cataloging spa
Transcribing agency AR-UNSa-BCEJYS
080 ## - UNIVERSAL DECIMAL CLASSIFICATION NUMBER
Universal Decimal Classification number 330
Common auxiliary subdivision Economía en general
022 ## - INTERNATIONAL STANDARD SERIAL NUMBER
International Standard Serial Number 1851-0922
041 ## - LANGUAGE CODE
Language code of text/sound track or separate title spa
100 1# - MAIN ENTRY--PERSONAL NAME
Personal name Universidad de Buenos Aires. Facultad de Ciencias Económicas. Centro de Investigación en Epistemología de las Ciencias Económicas (CIECE)
245 10 - TITLE STATEMENT
Title Documentos del CIECE
264 #1 - PRODUCTION, PUBLICATION, DISTRIBUTION, MANUFACTURE, AND COPYRIGHT NOTICE
Place of production, publication, distribution, manufacture Buenos Aires :
Name of producer, publisher, distributor, manufacturer Universidad de Buenos Aires. Facultad de Ciencias Económicas
Date of production, publication, distribution, manufacture, or copyright notice 2006
310 ## - CURRENT PUBLICATION FREQUENCY
Current publication frequency Frecuencia: Irregular<br/>Cambia de Director a partir del Año 2008, Nº 4 por Gustavo Marqués
590 ## - LOCAL NOTE (RLIN)
Local note niveau_biblio:s niveau_hierar:1
650 ## - SUBJECT ADDED ENTRY--TOPICAL TERM
Topical term or geographic name entry element Ciencias sociales
650 ## - SUBJECT ADDED ENTRY--TOPICAL TERM
Topical term or geographic name entry element ECONOMIA
700 1# - ADDED ENTRY--PERSONAL NAME
Personal name Scarano, Eduardo R
856 41 - ELECTRONIC LOCATION AND ACCESS
Uniform Resource Identifier <a href="https://biblioeco.unsa.edu.ar/pmb/images/revistas/R20376.jpg">https://biblioeco.unsa.edu.ar/pmb/images/revistas/R20376.jpg</a>
Link text Imagen de portada
Electronic format type image/jpeg
942 ## - ADDED ENTRY ELEMENTS (KOHA)
Koha item type
Existencias
Withdrawn status Lost status Damaged status Not for loan Home library Current library Shelving location Date acquired Serial enumeration / chronology Total checkouts Full call number Barcode Date last seen Price effective from Koha item type
        Biblioteca Prof. Eusebio Cleto del Rey Biblioteca Prof. Eusebio Cleto del Rey   01/07/2008 Nº 5 - jul./dic. 2008   H330 CEN 5 R20376 10/04/2026 10/04/2026 Numero
        Biblioteca Prof. Eusebio Cleto del Rey Biblioteca Prof. Eusebio Cleto del Rey   01/01/2008 Nº 4 - ene./jun. 2008   H330 CEN 4 R20375 10/04/2026 10/04/2026 Numero
        Biblioteca Prof. Eusebio Cleto del Rey Biblioteca Prof. Eusebio Cleto del Rey   01/07/2007 Nº 3 - jul./dic. 2007   H330 CEN 3 R20374 10/04/2026 10/04/2026 Numero
        Biblioteca Prof. Eusebio Cleto del Rey Biblioteca Prof. Eusebio Cleto del Rey   01/01/2007 Nº 2 - ene./jun. 2007   H330 CEN 2 R20373 10/04/2026 10/04/2026 Numero
        Biblioteca Prof. Eusebio Cleto del Rey Biblioteca Prof. Eusebio Cleto del Rey   01/07/2006 Nº 1 - jul. 2006   H330 CEN 1 R20357 10/04/2026 10/04/2026 Numero